000 01335nam a22001577a 4500
041 _aukr
080 _a09
090 _bЗАР
100 _aЗарва О. М.
245 _aВикористання гри у навчанні монологічного мовлення на старшому етапі середньої школи
260 _aОстрог
_bКАФ
_c2004
300 _a58
520 _aРозділ 1. Теоретичні аспекти використання гри у навчанні монологічного мовлення на старшому етапі загальноосвітньої школи. 1.1. Гра, як засіб мотивації навчання монологічного мовлення на старшому етапі середньої школи. 1.2. Класифікація ігор для навчання монологічного мовлення. Розділ 2. Методика використання гри в процесі навчання монологічного мовлення на старшому етапі середньої школи. 2.1. Модель навчального процесу. 2.2. Пробне навчання.
_0методика, монологічне мовлення, гра
650 _aResearch Papers
999 _c282538
_d282538
942 _cBK